| 000 | nam a22 7a 4500 | ||
|---|---|---|---|
| 999 |
_c2430 _d2430 |
||
| 005 | 20170516122815.0 | ||
| 008 | 170516b1983 ny ||||| |||| 00| 0 eng d | ||
| 020 |
_a 0471868868 : _c $32.95 (est.) |
||
| 040 | _aAKMAL | ||
| 082 | _a519.55 PAN | ||
| 090 |
_a519.55 _bPAN |
||
| 100 | 1 |
_aPandit, Sudhakar M. _95033 |
|
| 245 | 1 | 0 |
_a Time series and system analysis, with applications / _cSudhakar M. Pandit, Shien-Ming Wu. |
| 260 |
_aNew York : _bWiley, _cc1983 |
||
| 300 |
_axviii, 586 p. : _bill. ; _c24 cm |
||
| 504 | _aIncludes bibliographical references and index | ||
| 650 | 0 |
_aTime-series analysis. _95034 |
|
| 650 | 0 |
_aSystem analysis. _9823 |
|
| 700 | 1 |
_aWu, Shien-Ming, _d1924- _95035 |
|
| 942 |
_2ddc _cBOOK |
||